000
00219 a2200097 4500
001
11050
100
_a
Davies, Co.
245
_a
The Problem the North-West Frontier
260
_a
_b
Curzon Press
_c
090
_c
8615
_d
8615
942
_a
NUST-CAE
_c
M
_c
35395
999
_c
246123
_d
246123